| 000 | 00950nam a2200229 a 4500 | ||
|---|---|---|---|
| 001 | BS0002837 | ||
| 003 | BR-BrBNA | ||
| 005 | 20230418192137.0 | ||
| 008 | 230308b |||||||| |||| 00| 0 por d | ||
| 040 |
_aBR-BrBNA _bpor _cBiblioteca Nacional de Agricultura |
||
| 041 | _apor | ||
| 072 | _aB60 | ||
| 090 | _aB60 BS0002837 | ||
| 100 | 1 | _aAfonso, Frederico Monteiro Álvares- | |
| 245 | 1 | _aPaulo Alvim Mestre e Amigo / | |
| 260 | 3 |
_aIlhéus, BA: _c2011. |
|
| 300 | _a192 p. | ||
| 520 | 3 | _aA figura exuberante do Dr. Paulo de Tarso Alvim Carneiro deixou marca tão profunda em todos os aspectos fundamentais da CEPLAC que julgamos registrar sua biografia pessoal e profissional numa publicação para a posteridade fosse uma singela prova de gratidão e reconhecimento por tudo que Alvim fez pela ciência agronômica, pela cacauicultura brasileira e pela CEPLAC. | |
| 650 | _aBIOGRAFIA | ||
| 909 |
_a202304 _bSergio Santos _c56 _dSergio Santos |
||
| 942 | _cBK | ||
| 999 |
_c7895 _d7895 |
||